Los tratados de canto llano de Spañon, Martínez de Bizcargui y Molina / (Registro nro. 62952)

Detalles MARC
000 -LEADER
campo de control de longitud fija 00856nam a2200241 i 4500
001 - NÚMERO DE CONTROL
campo de control 62952
003 - IDENTIFICADOR DE NÚMERO DE CONTROL
campo de control ES-MaACL
005 - FECHA Y HORA DE LA ÚLTIMA TRANSACCIÓN
campo de control 20230906164746.0
007 - CAMPO FIJO DE DESCRIPCIÓN FÍSICA--INFORMACIÓN GENERAL
campo de control de longitud fija t|
008 - DATOS DE LONGITUD FIJA--INFORMACIÓN GENERAL
campo de control de longitud fija 031127s1978 sp |||| | spa d
100 1# - ENTRADA PRINCIPAL--NOMBRE DE PERSONA
Nombre de persona Fernández de la Cuesta, Ismael.
9 (RLIN) 49666
245 14 - MENCIÓN DEL TÍTULO
Título Los tratados de canto llano de Spañon, Martínez de Bizcargui y Molina /
Mención de responsabilidad, etc. Ismael Fernández de la Cuesta.
260 ## - PUBLICACIÓN, DISTRIBUCIÓN, ETC.
Lugar de publicación, distribución, etc. Madrid :
Nombre del editor, distribuidor, etc. Joyas Bibliográficas,
Fecha de publicación, distribución, etc. 1978.
300 ## - DESCRIPCIÓN FÍSICA
Extensión 112 p. ;
Dimensiones 25 cm.
490 1# - MENCIÓN DE SERIE
Mención de serie Viejos libros de música
505 8# - NOTA DE CONTENIDO CON FORMATO
Nota de contenido con formato Apéndice: ;
Título Las más antiguas imprentas musicales hispanas /
Mención de responsabilidad Carlos Romero de Lecea (p. 67-102)
650 #4 - PUNTO DE ACCESO ADICIONAL DE MATERIA--TÉRMINO DE MATERIA
Término de materia o nombre geográfico como elemento de entrada Canto gregoriano.
9 (RLIN) 10754
700 1# - ENTRADA AGREGADA--NOMBRE PERSONAL
Nombre de persona Romero de Lecea, Carlos.
9 (RLIN) 99371
830 0# - PUNTO DE ACCESO ADICIONAL DE SERIE-TÍTULO UNIFORME
Título uniforme Viejos libros de música
9 (RLIN) 182867
852 ## - LOCALIZACIÓN
Ubicación ES-MaACL
Número de control de estantería A-9781
852 ## - LOCALIZACIÓN
Ubicación ES-MaACL
Número de control de estantería A-9931
Existencias
Estatus retirado Estado de pérdida Estado de daño No para préstamo Biblioteca de origen Biblioteca actual Ubicación en estantería Fecha de adquisición Fuente de adquisición Total de préstamos Signatura topográfica completa Código de barras Visto por última vez Precio de reemplazo Tipo de ítem Koha
        Biblioteca del Ateneo de Madrid Biblioteca del Ateneo de Madrid Depósito 1 17/01/2008     A-9931 1065996 23/02/2023 23/02/2023 Libro impreso
        Biblioteca del Ateneo de Madrid Biblioteca del Ateneo de Madrid Depósito 1 17/01/2008     A-9781 1065995 23/02/2023 23/02/2023 Libro impreso